Statistics for Country Superlatives by Letter - C

Click here to take the quiz!

General Stats

  • This quiz has been taken 56 times
  • The average score is 6 of 10

Answer Stats

Category Country % Correct
Most PopulousChina
98%
Greatest Surface AreaCanada
84%
Youngest PopulationChad
67%
SouthernmostChile
67%
Coldest TemperatureCanada
61%
Most PrisonersCuba
55%
Oldest PopulationCroatia
47%
Most Densely PopulatedComoros
39%
Smallest PopulationCape Verde
39%
Most SlaveryCambodia
33%

Score Distribution

Percentile by Number Answered

Percent of People with Each Score

Your Score History

You have not taken this quiz